Oceanography: a view of earth

Gespeichert in:
Bibliographische Detailangaben
Hauptverfasser: Gross, Meredith Grant (VerfasserIn), Gross, Elizabeth R (VerfasserIn)
Format: Buch
Sprache:Englisch
Veröffentlicht: Upper Saddle River Prentice Hall 1996
Ausgabe:7a. ed
Schlagworte:
Tags: Tag hinzufügen
Keine Tags, Fügen Sie den ersten Tag hinzu!

MARC

LEADER 00000nam a2200000 a 4500
001 UCM7681
003 CL-VaPUC
008 030110e19960000us |||||||||||||||||eng|d
020 |a 0132317885 
082 0 4 |a 551.46  |b GRO  |2 21 
100 |a Gross, Meredith Grant  |e author  |9 473282 
700 0 |a Gross, Elizabeth R  |e author  |9 473283 
245 1 0 |a Oceanography: a view of earth 
250 |a 7a. ed 
300 |a 472 p 
942 |c BK 
945 |d 20030110 00:00:00  |a vberengu 
260 |a Upper Saddle River  |b Prentice Hall  |c 1996 
650 0 |a Oceanografía  |9 260014 
583 |a last modification  |c 20171205 12:45:51  |k Rodrigo Vera 
999 |c 302367  |d 302365 
952 |0 0  |1 0  |2 ddc  |4 0  |6 551_460000000000000_GRO_1996  |7 0  |8 A  |9 362851  |a BIBCUR  |b BIBCUR  |d 2019-11-21  |i 3875571  |o 551.46 GRO 1996  |p 3875571  |r 2025-04-22  |w 2019-11-21  |y BK  |k CIM 
952 |0 0  |1 0  |2 ddc  |4 0  |6 551_460000000000000_GRO_1996  |7 0  |8 A  |9 362852  |a BIBCUR  |b BIBCUR  |d 2019-11-21  |i 3916057  |o 551.46 GRO 1996  |p 3916057  |r 2025-04-22  |w 2019-11-21  |y BK  |k CIM 
952 |0 0  |1 0  |2 ddc  |4 0  |6 551_460000000000000_GRO_1996  |7 0  |8 A  |9 362853  |a BIBCUR  |b BIBCUR  |d 2019-11-21  |i 3916065  |l 1  |o 551.46 GRO 1996  |p 3916065  |r 2025-04-22  |s 2023-03-21  |w 2019-11-21  |y BK  |k CIM 
952 |0 0  |1 0  |2 ddc  |4 0  |6 551_460000000000000_GRO_1996  |7 0  |8 A  |9 362854  |a BIBCUR  |b BIBCUR  |d 2019-11-21  |i 3916073  |o 551.46 GRO 1996  |p 3916073  |r 2025-04-22  |w 2019-11-21  |y BK  |k CIM